000 01112nam a2200313Ia 4500
001 Para_9282
003 CHAP
008 220125s2007 xx 000 0 und d
010 _a208020
040 _cCHAP
090 _aTESIS 2068
100 _aHernández López, Rolando
_954256
245 _aManejo preventivo y curativo del tizón tardío (Phytophthora infestans De Bary) del jitomate (Lycopersicon esculentum Mill.) en invernadero /
_c por Rolando Hernández López
260 _aChapingo, Méx. :
_b el autor
300 _a42 h.
502 _aTesis (Ing. Agr. Esp. en Parasitología Agrícola) -- UACh. Departamento Parasitología Agrícola
650 _aFungicidas
_x análisis
_944045
650 _aHongos fitopatógenos
_956132
650 _aPhytophthora infestans
_987925
650 _aTomate
_x enfermedades por hongos
_9113713
710 _aUACh. Departamento Parasitología Agrícola
_9164025
901 _aTESIS 2068
902 _aA
905 _a0000002007 an 0000000000 00
910 _a2007
942 _cPARA
942 _cPARA
_d2
999 _c208020
_d208020